[Event "SA-2012-0-00325"]
[Site "LSS email"]
[Date "2013.02.15"]
[Round "?"]
[White "Velmarin, Jose"]
[Black "Zakharov, Oleg Yu"]
[Result "0-1"]
[WhiteElo "1984"]
[BlackElo "2286"]
[PlyCount "22"]
[EventDate "2012.12.19"]
[EventType "tourn (corr)"]
[EventRounds "6"]
[EventCountry "GER"]
[SourceTitle "Corr 2022"]
[Source "ChessBase"]
[SourceDate "2021.10.24"]
[SourceVersion "1"]
[SourceVersionDate "2021.10.24"]
[SourceQuality "1"]

1. e4 c5 2. Nf3 d6 3. d4 cxd4 4. Nxd4 Nf6 5. Nc3 a6 6. Be3 e6 7. f3 b5 8. Qd2 Nbd7 9. a3 Bb7 10. g4 Nb6 11. 0-0-0 Rc8 0-1

[Event "SB-2012-0-00274"]
[Site "LSS email"]
[Date "2012.12.21"]
[Round "?"]
[White "Herzog, Klaus"]
[Black "Velmarin, Jose"]
[Result "1-0"]
[WhiteElo "1855"]
[BlackElo "1753"]
[PlyCount "65"]
[EventDate "2012.11.25"]
[EventType "tourn (corr)"]
[EventRounds "6"]
[EventCountry "GER"]
[SourceTitle "Telechess CBM 161"]
[Source "ChessBase"]
[SourceDate "2014.07.16"]
[SourceVersion "1"]
[SourceVersionDate "2014.07.16"]
[SourceQuality "1"]

1. d4 d5 2. c4 dxc4 3. Nf3 Nf6 4. e3 e6 5. Bxc4 c5 6. 0-0 a6 7. a4 Nc6 8. Qe2 Qc7 9. Rd1 Be7 10. dxc5 Bxc5 11. b3 b6 12. Bb2 Bb7 13. Nbd2 0-0 14. Rac1 Rfd8 15. Bd3 Nb4 16. Bb1 Qe7 17. Ne5 Rac8 18. h3 a5 19. Ndc4 Bd5 20. e4 Bb7 21. g3 Ne8 22. Nd3 Nxd3 23. Bxd3 f6 24. h4 Kh8 25. h5 e5 26. h6 g6 27. g4 Rc6 28. g5 Bd4 29. Ba3 Qe6 30. Qf3 Rc7 31. Bf1 f5 32. Bh3 Rcd7 33. Re1 1-0

[Event "SB-2012-0-00274"]
[Site "LSS email"]
[Date "2012.12.21"]
[Round "?"]
[White "Velmarin, Jose"]
[Black "Quirk, Michael"]
[Result "0-1"]
[WhiteElo "1753"]
[BlackElo "1875"]
[PlyCount "40"]
[EventDate "2012.11.25"]
[EventType "tourn (corr)"]
[EventRounds "6"]
[EventCountry "GER"]
[SourceTitle "Telechess CBM 161"]
[Source "ChessBase"]
[SourceDate "2014.07.16"]
[SourceVersion "1"]
[SourceVersionDate "2014.07.16"]
[SourceQuality "1"]

1. e4 c5 2. Nf3 d6 3. d4 cxd4 4. Nxd4 Nf6 5. Nc3 a6 6. Be3 e6 7. f3 b5 8. Qd2 Nbd7 9. a3 Bb7 10. g4 h6 11. 0-0-0 d5 12. exd5 Nxd5 13. Nxd5 Bxd5 14. Bg2 Ne5 15. Qe2 Nc4 16. Nf5 Qc8 17. Bd4 f6 18. f4 Bxg2 19. Qxg2 Rb8 20. Rhe1 b4 0-1

[Event "SB-2012-0-00274"]
[Site "LSS email"]
[Date "2012.12.21"]
[Round "?"]
[White "Velmarin, Jose"]
[Black "Rivas Romero, Jesus"]
[Result "0-1"]
[WhiteElo "1753"]
[BlackElo "1434"]
[PlyCount "54"]
[EventDate "2012.11.25"]
[EventType "tourn (corr)"]
[EventRounds "6"]
[EventCountry "GER"]
[SourceTitle "Telechess CBM 161"]
[Source "ChessBase"]
[SourceDate "2014.07.16"]
[SourceVersion "1"]
[SourceVersionDate "2014.07.16"]
[SourceQuality "1"]

1. e4 d6 2. d4 Nf6 3. Nc3 g6 4. Nf3 Bg7 5. Be2 0-0 6. 0-0 Bg4 7. Be3 Nc6 8. Qd2 e5 9. d5 Ne7 10. Rad1 Bd7 11. Bh6 b5 12. a3 Qb8 13. Bg5 a5 14. b4 axb4 15. axb4 Qb7 16. Ra1 Rfb8 17. Bd3 c6 18. dxc6 Bxc6 19. Qe3 Ra6 20. Rfb1 Rba8 21. Rxa6 Rxa6 22. Nd2 d5 23. Bxf6 Bxf6 24. Qc5 Rb6 25. Nb3 dxe4 26. Nxe4 Bxe4 27. Bxe4 Qb8 0-1

[Event "RC-2012-0-00099"]
[Site "LSS email"]
[Date "2012.06.30"]
[Round "?"]
[White "Velmarin, Jose"]
[Black "Korchut, Adam"]
[Result "1/2-1/2"]
[WhiteElo "1770"]
[BlackElo "1799"]
[PlyCount "75"]
[EventDate "2012.04.20"]
[EventType "tourn (corr)"]
[EventRounds "6"]
[EventCountry "GER"]
[SourceTitle "Telechess CBM 165"]
[Source "ChessBase"]
[SourceDate "2015.03.11"]
[SourceVersion "1"]
[SourceVersionDate "2015.03.11"]
[SourceQuality "1"]

1. d4 d5 2. c4 dxc4 3. Nf3 Nf6 4. e3 e6 5. Bxc4 c5 6. 0-0 a6 7. a4 Nc6 8. Qe2 Be7 9. Nc3 cxd4 10. Rd1 e5 11. exd4 exd4 12. Nxd4 Nxd4 13. Qe5 Qd6 14. Qxd6 Bxd6 15. Rxd4 Be5 16. Rh4 0-0 17. Bf4 Bxc3 18. bxc3 Re8 19. Bd3 h6 20. h3 Bd7 21. Be3 Bc6 22. Bd4 Rad8 23. a5 Nd5 24. Bc4 Kh7 25. Rc1 f5 26. Bd3 g6 27. Kh2 h5 28. Rc2 Kh6 29. Be2 f4 30. Bf3 Rd7 31. Bxd5 g5 32. Bxc6 bxc6 33. Rxf4 gxf4 34. Rb2 Rd5 35. Rb6 Rxa5 36. Rxc6+ Kh7 37. g3 fxg3+ 38. Kxg3 1/2-1/2

[Event "RC-2012-0-00099"]
[Site "LSS email"]
[Date "2012.06.26"]
[Round "?"]
[White "Draba, Henryk"]
[Black "Velmarin, Jose"]
[Result "0-1"]
[WhiteElo "1647"]
[BlackElo "1770"]
[PlyCount "66"]
[EventDate "2012.04.20"]
[EventType "tourn (corr)"]
[EventRounds "6"]
[EventCountry "GER"]
[SourceTitle "Telechess CBM 165"]
[Source "ChessBase"]
[SourceDate "2015.03.11"]
[SourceVersion "1"]
[SourceVersionDate "2015.03.11"]
[SourceQuality "1"]

1. d4 Nf6 2. Nc3 d5 3. Bg5 Nbd7 4. Nf3 e6 5. e4 h6 6. Bh4 g5 7. Bg3 Nxe4 8. Nxe4 dxe4 9. Nd2 f5 10. Qh5+ Ke7 11. 0-0-0 Nf6 12. Qe2 f4 13. h4 Bg7 14. Bh2 Qxd4 15. c3 Qa4 16. g3 f3 17. Qe3 b6 18. Bg1 Bb7 19. hxg5 Nd5 20. Qxe4 Nxc3 21. Qxa4 Nxa4 22. gxh6 Nxb2 23. Re1 Rxh6 24. Rxh6 Bxh6 25. Kc2 Rd8 26. Nxf3 Bxf3 27. Kxb2 Bd2 28. Ra1 Bb4 29. Rb1 c5 30. a3 Rd2+ 31. Kc1 Ba5 32. Bc4 Rd4 33. Bb3 c4 0-1

[Event "RC-2012-0-00099"]
[Site "LSS email"]
[Date "2012.06.26"]
[Round "?"]
[White "Pott, Brian"]
[Black "Velmarin, Jose"]
[Result "0-1"]
[WhiteElo "1820"]
[BlackElo "1770"]
[PlyCount "120"]
[EventDate "2012.04.20"]
[EventType "tourn (corr)"]
[EventRounds "6"]
[EventCountry "GER"]
[SourceTitle "Telechess CBM 165"]
[Source "ChessBase"]
[SourceDate "2015.03.11"]
[SourceVersion "1"]
[SourceVersionDate "2015.03.11"]
[SourceQuality "1"]

1. e4 c5 2. Nf3 d6 3. d4 cxd4 4. Nxd4 Nf6 5. Nc3 a6 6. Bg5 e6 7. f4 Qb6 8. Nb3 Be7 9. Be2 Nbd7 10. Qd2 0-0 11. 0-0-0 Qc7 12. Bf3 Rb8 13. Qf2 b5 14. Kb1 b4 15. Ne2 Bb7 16. Ng3 h6 17. Bxf6 Nxf6 18. Rc1 Rfc8 19. Qe3 a5 20. c3 bxc3 21. Rxc3 Qd8 22. Rhc1 a4 23. Rxc8 Rxc8 24. Rxc8 Qxc8 25. Nd2 d5 26. a3 dxe4 27. Ngxe4 Nd5 28. Qd4 Nxf4 29. Qxa4 f5 30. Nf6+ Bxf6 31. Qxf4 Ba6 32. Qd6 Kf7 33. g4 Be7 34. Qd4 Kg6 35. h4 Kh7 36. gxf5 exf5 37. h5 Bb5 38. Ne4 Bc6 39. Nd2 Bb5 40. a4 Bf6 41. Qb4 Bd3+ 42. Ka2 g5 43. hxg6+ Kxg6 44. Bd5 Qd7 45. Qb3 Bc2 46. Qxc2 Qxd5+ 47. Nb3 Qe4 48. Qxe4 fxe4 49. Kb1 Bd8 50. Kc2 h5 51. Nd2 Kf5 52. Kd1 h4 53. Ke2 Bb6 54. b4 h3 55. Nf1 Bg1 56. a5 Kg4 57. b5 h2 58. Nxh2+ Bxh2 59. Ke3 Kf5 60. b6 Bg1+ 0-1

[Event "RC-2012-0-00095"]
[Site "LSS email"]
[Date "2012.04.20"]
[Round "?"]
[White "Velmarin, Jose"]
[Black "Gubo, Jozef"]
[Result "1/2-1/2"]
[WhiteElo "1757"]
[BlackElo "1829"]
[PlyCount "65"]
[EventDate "2012.01.12"]
[EventType "tourn (corr)"]
[EventRounds "6"]
[EventCountry "GER"]
[SourceTitle "Telechess CBM 155"]
[Source "ChessBase"]
[SourceDate "2013.07.16"]
[SourceVersion "1"]
[SourceVersionDate "2013.07.16"]
[SourceQuality "1"]

1. e4 c5 2. Nf3 e6 3. d4 cxd4 4. Nxd4 Nc6 5. Nc3 Qc7 6. Be2 a6 7. 0-0 Nf6 8. Be3 Be7 9. f4 d6 10. Qe1 0-0 11. Kh1 Nxd4 12. Bxd4 b5 13. a3 Bb7 14. Qg3 Bc6 15. Rae1 Qb7 16. Bd3 b4 17. axb4 Qxb4 18. Ne2 Qb7 19. e5 Nh5 20. Qh3 g6 21. Ng3 dxe5 22. Bxe5 Nxg3+ 23. hxg3 Rfe8 24. g4 Bf8 25. f5 exf5 26. gxf5 Bg7 27. Bxg7 Rxe1 28. Rxe1 Kxg7 29. b3 Re8 30. f6+ Kxf6 31. Rxe8 Bxe8 32. Qxh7 Bc6 33. Qh8+ 1/2-1/2

[Event "BI-2012-P-00009"]
[Site "LSS email"]
[Date "2012.04.20"]
[Round "?"]
[White "Velmarin, Jose"]
[Black "Lanin, Boris Aleksandrovic"]
[Result "1/2-1/2"]
[WhiteElo "1815"]
[BlackElo "1897"]
[PlyCount "201"]
[EventDate "2012.04.22"]
[EventType "tourn (corr)"]
[EventRounds "10"]
[EventCountry "GER"]
[SourceTitle "Telechess CBM 165"]
[Source "ChessBase"]
[SourceDate "2015.03.11"]
[SourceVersion "1"]
[SourceVersionDate "2015.03.11"]
[SourceQuality "1"]

1. e4 g6 2. d4 Bg7 3. c4 d6 4. Nc3 Nf6 5. Nf3 0-0 6. Be2 e5 7. 0-0 Nc6 8. d5 Ne7 9. Ne1 Nd7 10. Be3 f5 11. f3 f4 12. Bf2 g5 13. a4 a5 14. Nd3 b6 15. b4 axb4 16. Nxb4 Nf6 17. Nd3 h5 18. Qd2 g4 19. Nb5 Ng6 20. a5 Rxa5 21. Rxa5 bxa5 22. Qxa5 Ne8 23. c5 Qg5 24. Qd2 Bf6 25. Kh1 Kh8 26. Rg1 Rg8 27. Na7 Ne7 28. h3 Qg6 29. Qb4 Qh7 30. Nxc8 Nxc8 31. Qa4 Qf7 32. Be1 Rg7 33. Bd1 gxh3 34. gxh3 Rxg1+ 35. Kxg1 Ne7 36. Qa8 Kh7 37. Kf1 dxc5 38. Nxc5 Nd6 39. Bb3 Ng6 40. Ne6 Nh4 41. Ke2 Be7 42. Qa7 Qe8 43. Ba4 Qg8 44. Bxh4 Bxh4 45. Qxc7+ Nf7 46. Kd3 Kh6 47. Bb3 Qe8 48. Qb6 Bf6 49. Nxf4 Qd8 50. Qxd8 Bxd8 51. Ne6 Bb6 52. Kc4 Nd6+ 53. Kb4 h4 54. Ba4 Be3 55. Bd7 Kg6 56. Nd8 Kf6 57. Nc6 Bf2 58. Be6 Be3 59. Bg4 Nf7 60. Na5 Nd6 61. Ka4 Bf2 62. Nc6 Bg3 63. Nb4 Bf2 64. Be6 Bb6 65. Nd3 Bd4 66. Ne1 Ke7 67. Ng2 Bf2 68. Bg8 Kf6 69. Kb4 Kg7 70. Be6 Kf6 71. Bd7 Ke7 72. Bb5 Kf6 73. Bd3 Kg5 74. Bc2 Bd4 75. Bd1 Bf2 76. f4+ exf4 77. e5 Nf7 78. e6 Nd6 79. Bg4 Bg1 80. Ne1 Bf2 81. Nf3+ Kf6 82. Kc3 Nb5+ 83. Kd3 Nd6 84. Ke2 Bg3 85. Nd4 Ke5 86. Nc6+ Kxd5 87. Na7 Ne8 88. Bh5 Kxe6 89. Bxe8 Ke7 90. Ba4 Kf6 91. Kf3 Kf5 92. Nc6 Be1 93. Bc2+ Kg5 94. Ke4 Bg3 95. Nd4 Kf6 96. Kd5 Bf2 97. Ne2 Bg3 98. Bh7 f3 99. Nd4 f2 100. Bd3 Ke7 101. Bf1 1/2-1/2

[Event "BI-2012-P-00009"]
[Site "LSS email"]
[Date "2012.04.20"]
[Round "?"]
[White "Velmarin, Jose"]
[Black "Navarro Segura, Roberto"]
[Result "1-0"]
[WhiteElo "1815"]
[BlackElo "1337"]
[PlyCount "41"]
[EventDate "2012.04.22"]
[EventType "tourn (corr)"]
[EventRounds "10"]
[EventCountry "GER"]
[SourceTitle "Telechess CBM 165"]
[Source "ChessBase"]
[SourceDate "2015.03.11"]
[SourceVersion "1"]
[SourceVersionDate "2015.03.11"]
[SourceQuality "1"]

1. e4 c5 2. Nf3 d6 3. d4 cxd4 4. Nxd4 Nf6 5. Nc3 a6 6. Be3 e6 7. f3 b5 8. Qd2 Nbd7 9. a3 Bb7 10. g4 h6 11. 0-0-0 Rc8 12. h4 Be7 13. Rg1 Qa5 14. g5 hxg5 15. hxg5 Ng8 16. g6 Bf6 17. gxf7+ Kxf7 18. Nxe6 Bxc3 19. Qxd6 Bxb2+ 20. Kb1 Qxa3 21. Ng5+ 1-0

[Event "BI-2012-P-00009"]
[Site "LSS email"]
[Date "2012.04.20"]
[Round "?"]
[White "Velmarin, Jose"]
[Black "Recio Chicharro, Luis"]
[Result "1-0"]
[WhiteElo "1815"]
[BlackElo "1308"]
[PlyCount "51"]
[EventDate "2012.04.22"]
[EventType "tourn (corr)"]
[EventRounds "10"]
[EventCountry "GER"]
[SourceTitle "Telechess CBM 165"]
[Source "ChessBase"]
[SourceDate "2015.03.11"]
[SourceVersion "1"]
[SourceVersionDate "2015.03.11"]
[SourceQuality "1"]

1. d4 d5 2. c4 e6 3. Nf3 Nf6 4. Bg5 Be7 5. Nc3 Nbd7 6. e3 h6 7. Bh4 c6 8. Qc2 0-0 9. Rc1 Re8 10. Bd3 Nf8 11. 0-0 Bd7 12. Ne5 N6h7 13. Bg3 Bf6 14. Bxh7+ Nxh7 15. Nxf7 Kxf7 16. Qxh7 Rh8 17. Qc2 g6 18. Ne2 Qe7 19. Nf4 Rhg8 20. Nd3 h5 21. Ne5+ Bxe5 22. Bxe5 Qg5 23. cxd5 exd5 24. Qb3 Bh3 25. Qxb7+ Ke6 26. Rxc6+ 1-0

[Event "RC-2012-0-00095"]
[Site "LSS email"]
[Date "2012.04.19"]
[Round "?"]
[White "Velmarin, Jose"]
[Black "Gurgui, Dan Constantin"]
[Result "1-0"]
[WhiteElo "1757"]
[BlackElo "1712"]
[PlyCount "57"]
[EventDate "2012.01.12"]
[EventType "tourn (corr)"]
[EventRounds "6"]
[EventCountry "GER"]
[SourceTitle "Telechess CBM 155"]
[Source "ChessBase"]
[SourceDate "2013.07.16"]
[SourceVersion "1"]
[SourceVersionDate "2013.07.16"]
[SourceQuality "1"]

1. e4 d6 2. d4 c6 3. c4 Nf6 4. Nc3 e6 5. Nf3 Qa5 6. Qc2 Be7 7. Be2 d5 8. 0-0 Nbd7 9. e5 Ng8 10. a3 Qc7 11. cxd5 cxd5 12. Bf4 a6 13. Rfc1 h6 14. Qa4 b5 15. Nxb5 Qb7 16. Nc7+ Kf8 17. Nxa8 Qxa8 18. Qc6 Qxc6 19. Rxc6 g5 20. Rxc8+ Kg7 21. Be3 f6 22. Bxa6 f5 23. Rc7 Nb6 24. a4 Kg6 25. a5 Nc4 26. Bxc4 dxc4 27. a6 Bd8 28. a7 Bxc7 29. a8Q 1-0

[Event "RC-2012-0-00095"]
[Site "LSS email"]
[Date "2012.04.16"]
[Round "?"]
[White "Ponting, Andrew"]
[Black "Velmarin, Jose"]
[Result "0-1"]
[WhiteElo "1430"]
[BlackElo "1757"]
[PlyCount "42"]
[EventDate "2012.01.12"]
[EventType "tourn (corr)"]
[EventRounds "6"]
[EventCountry "GER"]
[SourceTitle "Telechess CBM 155"]
[Source "ChessBase"]
[SourceDate "2013.07.16"]
[SourceVersion "1"]
[SourceVersionDate "2013.07.16"]
[SourceQuality "1"]

1. e4 c5 2. Nf3 d6 3. d4 cxd4 4. Nxd4 Nf6 5. Nc3 a6 6. Be3 e5 7. Nb3 Be6 8. f3 h5 9. Nd5 Bxd5 10. exd5 Nbd7 11. Qd2 g6 12. Be2 Bg7 13. 0-0 0-0 14. Na5 Qc7 15. c4 e4 16. f4 Ng4 17. Bxg4 hxg4 18. Rab1 g3 19. h3 b6 20. Nc6 Nb8 21. Nxb8 Raxb8 0-1

[Event "RC-2012-0-00095"]
[Site "LSS email"]
[Date "2012.04.16"]
[Round "?"]
[White "Pott, Brian"]
[Black "Velmarin, Jose"]
[Result "0-1"]
[WhiteElo "1763"]
[BlackElo "1757"]
[PlyCount "72"]
[EventDate "2012.01.12"]
[EventType "tourn (corr)"]
[EventRounds "6"]
[EventCountry "GER"]
[SourceTitle "Telechess CBM 155"]
[Source "ChessBase"]
[SourceDate "2013.07.16"]
[SourceVersion "1"]
[SourceVersionDate "2013.07.16"]
[SourceQuality "1"]

1. e4 c5 2. Nf3 d6 3. d4 cxd4 4. Nxd4 Nf6 5. Nc3 a6 6. Bg5 Nbd7 7. Bc4 Qb6 8. Bb3 e6 9. Bxf6 Nxf6 10. f4 Be7 11. Qd2 0-0 12. 0-0-0 Qc5 13. Kb1 b5 14. Rhe1 Bb7 15. a3 Kh8 16. h3 b4 17. Na4 Qc7 18. Qxb4 Nxe4 19. Bxe6 fxe6 20. Nxe6 Qc6 21. Nxf8 Bxf8 22. Re3 Rb8 23. Nc3 d5 24. Qb3 Bc5 25. Rf3 Qe8 26. Nxe4 dxe4 27. Rc3 Ba8 28. Qc4 Bf2 29. Qe2 e3 30. g4 Bc6 31. Rc1 Bb5 32. Qf3 Qe7 33. Rb3 Re8 34. c4 Ba4 35. Rb6 Qd8 36. Rxa6 Bb3 0-1

[Event "OP-2012-0-02144"]
[Site "LSS email"]
[Date "2012.04.11"]
[Round "?"]
[White "Velmarin, Jose"]
[Black "Khan, Valery"]
[Result "1/2-1/2"]
[WhiteElo "1743"]
[BlackElo "1759"]
[PlyCount "72"]
[EventDate "2012.04.07"]
[EventType "tourn (corr)"]
[EventRounds "4"]
[EventCountry "GER"]
[SourceTitle "Corr 2015"]
[Source "ChessBase"]
[SourceDate "2015.07.17"]
[SourceVersion "1"]
[SourceVersionDate "2015.07.17"]
[SourceQuality "1"]

1. d4 Nf6 2. c4 e6 3. Nf3 b6 4. Nc3 Bb7 5. a3 d5 6. cxd5 Nxd5 7. Qc2 Nxc3 8. bxc3 Be7 9. Bf4 c5 10. e3 Nd7 11. Rd1 Qc8 12. Bd3 cxd4 13. exd4 Bxa3 14. 0-0 h6 15. Qa4 Be7 16. d5 0-0 17. dxe6 Nc5 18. exf7+ Rxf7 19. Qa2 Bxf3 20. gxf3 Nxd3 21. Rxd3 Qf5 22. Rd4 Bc5 23. Re4 Kh8 24. Qe2 a5 25. Be3 Qxf3 26. Qxf3 Rxf3 27. Bxc5 bxc5 28. Ra4 Rxc3 29. Rfa1 Rf8 30. Rxa5 Rf4 31. R1a2 Rg4+ 32. Kf1 c4 33. R5a3 Rc1+ 34. Ke2 c3 35. Ra4 Rg6 36. Rc4 Kh7 1/2-1/2

[Event "ZN-2012-0-01907"]
[Site "LSS email"]
[Date "2012.04.02"]
[Round "?"]
[White "Manning, Ronald"]
[Black "Velmarin, Jose"]
[Result "0-1"]
[WhiteElo "819"]
[BlackElo "1664"]
[PlyCount "52"]
[EventDate "2012.03.30"]
[EventType "match (corr)"]
[EventRounds "2"]
[EventCountry "GER"]
[SourceTitle "Telechess CBM 155"]
[Source "ChessBase"]
[SourceDate "2013.07.16"]
[SourceVersion "1"]
[SourceVersionDate "2013.07.16"]
[SourceQuality "1"]

1. d4 d6 2. c3 g6 3. Nf3 Bg7 4. e3 Nf6 5. Bb5+ Bd7 6. Bd3 0-0 7. 0-0 c5 8. Bc4 Nc6 9. Ng5 h6 10. Nxf7 Rxf7 11. Bxf7+ Kxf7 12. Qb3+ d5 13. e4 c4 14. Qxb7 a6 15. e5 Nh7 16. Nd2 Ra7 17. Qxa7 Nxa7 18. Nf3 Bf5 19. Re1 e6 20. h3 Ng5 21. Nh4 Nxh3+ 22. gxh3 Qxh4 23. Re3 Bxh3 24. Rf3+ Bf5 25. Kf1 Ke8 26. Bd2 Qh1+ 0-1

[Event "ZI-2012-0-01264"]
[Site "LSS email"]
[Date "2012.03.13"]
[Round "?"]
[White "Velmarin, Jose"]
[Black "Kiryushin, Anatoly"]
[Result "1/2-1/2"]
[WhiteElo "1664"]
[BlackElo "1694"]
[PlyCount "47"]
[EventDate "2012.03.09"]
[EventType "match (corr)"]
[EventRounds "2"]
[EventCountry "GER"]
[SourceTitle "Telechess CBM 155"]
[Source "ChessBase"]
[SourceDate "2013.07.16"]
[SourceVersion "1"]
[SourceVersionDate "2013.07.16"]
[SourceQuality "1"]

1. e4 e5 2. Nf3 Nc6 3. Bb5 a6 4. Ba4 Nf6 5. 0-0 Be7 6. Re1 b5 7. Bb3 0-0 8. h3 Bb7 9. d3 d5 10. exd5 Nxd5 11. Nxe5 Nxe5 12. Rxe5 Qd6 13. Re1 Rae8 14. Nd2 c5 15. a4 Qc7 16. axb5 axb5 17. Ra7 c4 18. dxc4 Nf6 19. cxb5 Bc5 20. Rxb7 Qxb7 21. Rf1 Qxb5 22. Bc4 Qc6 23. Qf3 Qxf3 24. Nxf3 1/2-1/2

[Event "OP-2012-0-02104"]
[Site "LSS email"]
[Date "2012.03.12"]
[Round "?"]
[White "Velmarin, Jose"]
[Black "Jarabinsky, Martin"]
[Result "1/2-1/2"]
[WhiteElo "1749"]
[BlackElo "2200"]
[PlyCount "59"]
[EventDate "2012.03.09"]
[EventType "tourn (corr)"]
[EventRounds "4"]
[EventCountry "GER"]
[SourceTitle "Telechess CBM 155"]
[Source "ChessBase"]
[SourceDate "2013.07.16"]
[SourceVersion "1"]
[SourceVersionDate "2013.07.16"]
[SourceQuality "1"]

1. d4 d5 2. c4 e6 3. Nf3 Nf6 4. Bg5 Be7 5. e3 0-0 6. Nc3 h6 7. Bh4 b6 8. Be2 Bb7 9. Bxf6 Bxf6 10. cxd5 exd5 11. 0-0 Qe7 12. Qb3 Rd8 13. Rad1 c5 14. dxc5 Qxc5 15. Rd2 Na6 16. Rfd1 Nc7 17. g3 Rac8 18. Nd4 Bxd4 19. exd4 Qd6 20. Bg4 Ra8 21. Re2 Re8 22. Rxe8+ Rxe8 23. Qa4 g6 24. h4 h5 25. Bd7 Re7 26. Bh3 Ne8 27. Bf1 Bc6 28. Bb5 Bxb5 29. Qxb5 Nc7 30. Qd3 1/2-1/2